Statistics for Best Selling Music Artists of All Time

Click here to take the quiz!

General Stats

  • This quiz has been taken 4,272 times
  • The average score is 9 of 20

Answer Stats

Claimed SalesCountry of OriginArtist% Correct
600 millionUnited KingdomThe Beatles
96%
300-400 millionUnited StatesMichael Jackson
74%
200 millionSwedenABBA
72%
200 millionUnited KingdomThe Rolling Stones
72%
600-500 millionUnited StatesElvis Presley
68%
150 millionIrelandU2
62%
275-300 millionUnited StatesMadonna
58%
150-200 millionAustraliaAC/DC
54%
200-250 millionUnited KingdomElton John
49%
200-300 millionUnited KingdomLed Zeppelin
48%
200 millionUnited KingdomQueen
48%
200-250 millionUnited KingdomPink Floyd
43%
175-200 millionCanadaCeline Dion
40%
150 millionUnited StatesEagles
30%
170-200 millionUnited StatesWhitney Houston
30%
175-200 millionUnited StatesMariah Carey
28%
150 millionUnited StatesAerosmith
19%
150 millionUnited StatesBilly Joel
14%
150 millionUnited KingdomPhil Collins
10%
150 millionUnited KingdomGenesis
9%

Score Distribution

Percentile by Number Answered

Percent of People with Each Score

Your Score History

You have not taken this quiz